NHL Teams that have NOT won the Stanley Cup - Sudden Death - Statistics

General Stats
  • This quiz has been taken 120 times
  • The average score is 9 of 10
Answers on the Grid
Answers color-coded by a green-red scale on the quiz's grid according to % correct below.
Anaheim Ducks
Boston Bruins
Buffalo Sabres
Calgary Flames
Carolina Hurricanes
Chicago Blackhawks
Colorado Avalanche
Columbus Blue Jackets
Dallas Stars
Detroit Red Wings
Edmonton Oilers
Florida Panthers
Los Angeles Kings
Minnesota Wild
Montreal Canadiens
Nashville Predators
New York Islanders
New York Rangers
New Jersey Devils
Ottawa Senators
Philadelphia Flyers
Pittsburgh Penguins
San Jose Sharks
Seattle Kraken
St. Louis Blues
Tampa Bay Lightning
Toronto Maple Leafs
Utah Hockey Club
Vancouver Canucks
Vegas Golden Knights
Washington Capitals
Winnipeg Jets
 
Answer Stats
Answer % Correct
Minnesota Wild
96%
Buffalo Sabres
93%
Columbus Blue Jackets
93%
Nashville Predators
93%
Ottawa Senators
93%
San Jose Sharks
89%
Utah Hockey Club
89%
Seattle Kraken
86%
Winnipeg Jets
86%
Vancouver Canucks
82%
No matching quizzes found
Score Distribution
Percent of People with Each Score
Percentile by Number Answered
Your Score History
You have not taken this quiz